Normal view
MARC view
- Wahab, Dr. Prof. Abdul
Entry Personal Name
001 - CONTROL NUMBER
- control field: 38337
003 - CONTROL NUMBER IDENTIFIER
- control field: NUST
005 - DATE AND TIME OF LATEST TRANSACTION
- control field: 20210314130653.0
008 - FIXED-LENGTH DATA ELEMENTS
- fixed length control field: 210314|| aca||aabn | a|a d
040 ## - CATALOGING SOURCE
- Original cataloging agency: NUST
- Transcribing agency: NUST
100 ## - HEADING--PERSONAL NAME
- Personal name: Wahab, Dr. Prof. Abdul
670 ## - SOURCE DATA FOUND
- Source citation: Work cat.: (NUST): Wahab, Dr. Prof. Abdul, Software exports from pakistan., 1997
